[Event "SLO-ch U14"]
[Site "Postojna"]
[Date "2008.02.25"]
[Round "2"]
[White "Jurca, Vital"]
[Black "Sedonja, Dominik"]
[Result "0-1"]
[WhiteElo "1500"]
[BlackElo "1516"]
[PlyCount "88"]
[EventDate "2008.02.24"]
[EventType "swiss"]
[EventRounds "9"]
[EventCountry "SLO"]
[SourceTitle "EXT 2010"]
[Source "ChessBase"]
[SourceDate "2010.11.25"]
[SourceVersion "1"]
[SourceVersionDate "2010.11.25"]
[SourceQuality "1"]

1. e4 e5 2. Nf3 Nc6 3. Bc4 Bc5 4. Nc3 Nf6 5. Ng5 0-0 6. 0-0 d6 7. d3 h6 8. Nf3 Bg4 9. h3 Bh5 10. Nd5 Nd4 11. c3 Nxf3+ 12. gxf3 c6 13. Nb4 Qd7 14. Kh2 b5 15. Bb3 a5 16. Nd5 cxd5 17. exd5 Qf5 18. d4 exd4 19. cxd4 Bb6 20. Bc2 Qxf3 21. Qxf3 Bxf3 22. Be3 Bxd5 23. b3 Bf3 24. Bd1 Bxd1 25. Rfxd1 Rac8 26. a4 b4 27. Bf4 d5 28. Bd6 Rfe8 29. Be5 Ne4 30. Kg2 Rc3 31. Rab1 Rc2 32. Rf1 Rec8 33. Rbd1 R8c3 34. Bf4 Rxb3 35. Rb1 Rxb1 36. Rxb1 Rxf2+ 37. Kh1 Rxf4 38. Rc1 Bxd4 39. Rc8+ Kh7 40. Ra8 b3 41. Rxa5 b2 42. Rb5 Rf1+ 43. Kg2 b1Q 44. Rxb1 Rxb1 0-1